| 000 | 01060 a2200289 4500 | ||
|---|---|---|---|
| 003 | OSt | ||
| 005 | 20180116192342.0 | ||
| 008 | 120530t xxu||||| |||| 00| 0 eng d | ||
| 010 | _a 2006907656 | ||
| 020 | _a9780939682041 | ||
| 040 | _c0 | ||
| 082 | 0 | 0 | _a303.48 |
| 100 |
_a Knabb, Ken _92565 |
||
| 245 | 0 | 0 |
_aSituationist International anthology / _c[edited and translated by Ken Knabb]. |
| 250 | _aRev. and expanded ed. | ||
| 260 |
_aBerkeley, CA : _bBureau of Public Secrets, _c2006. |
||
| 300 |
_a532 p. ; _c24 cm. |
||
| 500 | _a"The major portion of the anthology is drawn from the French journal Internationale Situationniste"--P. ix. | ||
| 500 | _aIncludes indexes. | ||
| 650 | 0 |
_aRadicalism _zEurope. _92566 |
|
| 650 | 0 |
_aAvant-garde (Aesthetics) _zEurope. _92567 |
|
| 650 | 0 |
_aCivilization. _92568 |
|
| 700 | 1 |
_aKnabb, Ken. _92569 |
|
| 856 | 4 | 2 |
_3Publisher description _uhttp://www.loc.gov/catdir/enhancements/fy1008/2006907656-d.html |
| 942 |
_aSADA _cBK _k303.48 KNA 2006 _2ddc |
||
| 999 |
_c352714 _d352714 |
||